Poutní turismus jako příležitost pro udržitelné cestování – souhrnná přehledová stať

Pútnický turizmus je jednou z najstarších foriem cestovania, aj keď oddávna sa o púťach nehovorilo ako o turistike. Cieľom tohto príspevku je preskúmať pútnický turizmus na základe sekundárnych zdrojov s použitím bibliografických záznamov v databáze Web of Science. Celkovo bolo analyzovaných osemdes...

Descrizione completa

Salvato in:
Dettagli Bibliografici
Autore principale: Říkovský, Josef
Natura: Capitolo di libro
Lingua:ceco
Soggetti:
Tags: Aggiungi Tag
Nessun Tag, puoi essere il primo ad aggiungerne!!

MARC

LEADER 00000naa a2200000 4500
001 0303198
005 20241025134158.7
041 0 |a cze 
044 |a CZ 
245 1 0 |a Poutní turismus jako příležitost pro udržitelné cestování – souhrnná přehledová stať  |c Josef Říkovský 
520 |a Pútnický turizmus je jednou z najstarších foriem cestovania, aj keď oddávna sa o púťach nehovorilo ako o turistike. Cieľom tohto príspevku je preskúmať pútnický turizmus na základe sekundárnych zdrojov s použitím bibliografických záznamov v databáze Web of Science. Celkovo bolo analyzovaných osemdesiatdeväť článkov a podľa obmedzujúcich kritérií boli označené ako najvhodnejšie. Pre túto jadrovú vzorku bola použitá metóda PRISMA. Následne boli články analyzované prostredníctvom bibliografického a bibliometrického rozboru a napokon pristúpilo sa k bližšiemu obsahovému štúdiu a ich zatriedeniu do viacerých typov podľa zamerania. Článok poskytuje komplexný pohľad na výskum pútnického turizmu a je vhodným východiskovým krokom pre ďalší rozvoj výskumu pútnického turizmu. 
610 2 0 |a ruch cestovný 
610 2 0 |a ruch cestovný pútnický 
610 2 0 |a udržateľnosť 
610 2 0 |a náboženstvo 
100 1 |a Říkovský, Josef